| 000 | 00468nab a2200145Ia 4500 | ||
|---|---|---|---|
| 003 | ES-SlBCS | ||
| 005 | 20240910154913.0 | ||
| 008 | 140529s1994 xxu||||| |||| 00| 0 fre d | ||
| 041 | _afre | ||
| 100 | 1 |
_aValadier, Paul _d(1933-....) _910909 |
|
| 245 | 0 | 0 |
_aDe l'éthique à la morale, la décision politique _c Paul Valadier |
| 650 | 0 | 4 |
_aDecisión Política-Ética _9177111 |
| 773 | 0 |
_tPresença Filosofica _gvol. 19, nº. 1-2, 1994, págs. 56-64 _wRev966 |
|
| 942 | _cAR | ||
| 999 |
_c552153 _d552153 |
||